|
|
|
|
| LEADER |
00623 a2200181 4500 |
| 008 |
130622b xxu||||| |||| 00| 0 mal d |
| 999 |
|
|
|c 98699
|d 98699
|
| 020 |
|
|
|a 9788126406142
|
| 082 |
|
|
|a 853.62 MAR
|
| 100 |
|
|
|a Ambikasuthan Mangad
|
| 245 |
|
|
|a Marakkappile theyyangal /
|c Ambikasuthan Mangad.
|
| 260 |
|
|
|a Kottayam:
|b D C Books,
|c 2011
|
| 300 |
|
|
|a 187p. ;
|c 21cm.
|
| 546 |
|
|
|a in malayalam
|
| 650 |
|
|
|a Malayalam Fiction
|
| 942 |
|
|
|c BK
|
| 600 |
|
|
|a Ambikasuthan Mangad
|
| 952 |
|
|
|0 0
|1 0
|2 ddc
|4 0
|6 853_620000000000000_MAR_M
|7 0
|9 98137
|a UL
|b UL
|c ST1
|d 2013-01-31
|e 2
|g 70.00
|l 23
|m 3
|o 853.62 MAR M
|p 88314
|r 2021-03-29
|s 2021-03-08
|v 100.00
|y BK
|